000 00313nam a2200133Ia 4500
008 150201s2010 xx 000 0 und d
082 _a612.015
_bB10G
100 _aGUPTA,PREM PRAKASH
245 _aTB OF BIOCHEMISTRY
250 _a1ST
260 _bCBS
_aDELHI
_c2010
650 _aBIOCHEMISTRY
942 _2ddc
_cBK
_06
999 _c622
_d622